[Event "BPB Limburg open C"]
[Site "Maastricht"]
[Date "2014.06.09"]
[Round "6"]
[White "Brunner, Karg"]
[Black "Seibst, Sascha"]
[Result "1-0"]
[WhiteElo "1683"]
[BlackElo "1585"]
[PlyCount "125"]
[EventDate "2014.06.06"]
[EventType "swiss"]
[EventRounds "7"]
[EventCountry "NED"]
[Source "P.Boonen"]
[SourceDate "2014.10.10"]

1. d4 Nf6 2. c4 e6 3. Nc3 d5 4. cxd5 exd5 5. Bg5 Be7 6. e3 c6 7. Bd3 h6 8. Bh4
O-O 9. h3 Na6 10. g4 Nh7 11. Bg3 f5 12. Qb1 Ng5 13. Bxf5 Bxf5 14. gxf5 Qd7 15.
h4 Nh7 16. Nf3 Qxf5 17. Qxf5 Rxf5 18. Ne5 Nf8 19. O-O-O Re8 20. Rdg1 Kh7 21.
Rh2 Bf6 22. Rhg2 Re7 23. e4 dxe4 24. Nxe4 Nb4 25. Nxf6+ Rxf6 26. h5 Nxa2+ 27.
Kb1 Nb4 28. Bh4 Rff7 29. Nxf7 Rxf7 30. Bg3 Ne6 31. Be5 Nd3 32. Bb8 b6 33. Rg6
Nxd4 34. Rd1 Nf4 35. Rxd4 Nxg6 36. hxg6+ Kxg6 37. Bg3 c5 38. Rg4+ Kh7 39. Kc2
h5 40. Rg5 Kh6 41. Rd5 g5 42. Rd6+ Kh7 43. Rd2 Kh6 44. Kd1 h4 45. Bb8 Kh5 46.
Ke1 Rb7 47. Bh2 Kg4 48. Kf1 Kh3 49. Kg1 c4 50. Bd6 Rd7 51. f3 Rxd6 52. Rxd6 Kg3
53. Rg6 Kxf3 54. Rxg5 Ke3 55. Rg4 Kd3 56. Rxh4 a5 57. Kf1 a4 58. Ke1 b5 59. Kd1
b4 60. Kc1 b3 61. Rh3+ Kd4 62. Kd2 c3+ 63. Rxc3 1-0

[Event "BPB Limburg open C"]
[Site "Maastricht"]
[Date "2014.06.09"]
[Round "6"]
[White "Callebaut, Giovanni"]
[Black "Muntean, Adrian"]
[Result "1/2-1/2"]
[WhiteElo "1598"]
[BlackElo "1000"]
[PlyCount "91"]
[EventDate "2014.06.06"]
[EventType "swiss"]
[EventRounds "7"]
[EventCountry "NED"]
[Source "P.Boonen"]
[SourceDate "2014.10.10"]

1. d4 d5 2. c4 Nf6 3. Nc3 e6 4. Bg5 h6 5. Bxf6 gxf6 6. cxd5 exd5 7. e4 Bb4 8.
Qa4+ Nc6 9. exd5 Bxc3+ 10. bxc3 Qxd5 11. Bc4 Qxg2 12. Qb3 Qxh1 13. Bxf7+ Kf8
14. O-O-O Rh7 15. Bg6 Rg7 16. Ne2 Qxh2 17. d5 Ne7 18. Be4 f5 19. Bf3 Qxf2 20.
d6 Nc6 21. Bxc6 bxc6 22. dxc7 Qe3+ 23. Kb1 Rd7 24. Rxd7 Bxd7 25. Qb8+ Rxb8+ 26.
cxb8=Q+ Ke7 27. Qh2 Qe4+ 28. Kb2 a5 29. Nf4 c5 30. Qxh6 Be6 31. Ng6+ Kd6 32.
Qf8+ Kc6 33. Qa8+ Kb6 34. Qb8+ Qb7 35. Qh2 Qd5 36. Ka3 Qxa2+ 37. Qxa2 Bxa2 38.
Kxa2 Kb5 39. Kb2 Kc4 40. Ne7 f4 41. Ng6 a4 42. Nxf4 a3+ 43. Kxa3 Kxc3 44. Ka2
Kd2 45. Kb2 Ke3 46. Kc3 1/2-1/2

[Event "BPB Limburg open C"]
[Site "Maastricht"]
[Date "2014.06.09"]
[Round "6"]
[White "Callebaut, Katia"]
[Black "Welling, Ella"]
[Result "1-0"]
[WhiteElo "1236"]
[BlackElo "1000"]
[PlyCount "49"]
[EventDate "2014.06.06"]
[EventType "swiss"]
[EventRounds "7"]
[EventCountry "NED"]
[Source "P.Boonen"]
[SourceDate "2014.10.10"]

1. e4 b6 2. Nf3 Bb7 3. Bc4 e6 4. Nc3 Nf6 5. d3 Be7 6. O-O O-O 7. Bf4 c6 8. a4
d5 9. Ba2 Nbd7 10. e5 Nh5 11. Qd2 Ba6 12. Ne2 c5 13. d4 f6 14. Rfe1 c4 15. b4
cxb3 16. Bxb3 Qc7 17. exf6 Nhxf6 18. Bxc7 Rac8 19. Bf4 Ne4 20. Qe3 Rf5 21. Ng3
Rff8 22. Nxe4 dxe4 23. Qxe4 Bb4 24. Qxe6+ Rf7 25. Qxf7+ 1-0

[Event "BPB Limburg open C"]
[Site "Maastricht"]
[Date "2014.06.09"]
[Round "6"]
[White "De Bruin, Joost"]
[Black "Reichardt, Robin"]
[Result "1-0"]
[WhiteElo "1724"]
[BlackElo "1562"]
[PlyCount "53"]
[EventDate "2014.06.06"]
[EventType "swiss"]
[EventRounds "7"]
[EventCountry "NED"]
[Source "P.Boonen"]
[SourceDate "2014.10.10"]

1. d4 Nf6 2. c4 e6 3. Nc3 Bb4 4. a3 Bxc3+ 5. bxc3 b6 6. e3 Bb7 7. f3 c5 8. Bd3
d6 9. Ne2 Nbd7 10. O-O Qc7 11. e4 O-O 12. Ng3 Rac8 13. f4 cxd4 14. cxd4 Ba6 15.
e5 Ne8 16. Be3 Bxc4 17. Rc1 d5 18. f5 exf5 19. Nxf5 Qd8 20. Bb1 Rc7 21. Rf2 Kh8
22. Qh5 g6 23. Qh6 Rg8 24. Nd6 Nxd6 25. exd6 Rb7 26. Rxf7 Nc5 27. Qxh7# 1-0

[Event "BPB Limburg open C"]
[Site "Maastricht"]
[Date "2014.06.09"]
[Round "6"]
[White "De Cocq, Ramin"]
[Black "Weerts, Rene"]
[Result "0-1"]
[WhiteElo "1093"]
[BlackElo "1635"]
[PlyCount "72"]
[EventDate "2014.06.06"]
[EventType "swiss"]
[EventRounds "7"]
[EventCountry "NED"]
[Source "P.Boonen"]
[SourceDate "2014.10.10"]

1. d4 g6 2. c4 Bg7 3. e3 c5 4. Nf3 cxd4 5. Nxd4 Nf6 6. Nc3 d6 7. Be2 Bd7 8. Qb3
Qc7 9. a3 Nc6 10. Nf3 O-O 11. Qc2 Na5 12. b4 Nxc4 13. O-O Ng4 14. h3 Nh6 15.
Kh2 Nf5 16. Bd3 Ncxe3 17. fxe3 Bxc3 18. Bb2 Bxb2 19. Qxb2 Nxe3 20. Rfe1 Nd5 21.
Rac1 Qb8 22. Qd4 Nf6 23. Rxe7 d5+ 24. Kg1 Qd6 25. Ree1 Bxh3 26. Bf1 Bg4 27. Rc5
Bxf3 28. gxf3 Qg3+ 29. Bg2 Qxe1+ 30. Kh2 Nh5 31. Rxd5 Qg3+ 32. Kg1 Nf4 33. Qd2
Nxd5 34. Qxd5 Rfd8 35. Qb3 Rac8 36. Qb1 Rd2 0-1

[Event "BPB Limburg open C"]
[Site "Maastricht"]
[Date "2014.06.09"]
[Round "6"]
[White "De Jong, Lucas"]
[Black "Oosterlinck, Freddy"]
[Result "1-0"]
[WhiteElo "1585"]
[BlackElo "1000"]
[PlyCount "52"]
[EventDate "2014.06.06"]
[EventType "swiss"]
[EventRounds "7"]
[EventCountry "NED"]
[Source "P.Boonen"]
[SourceDate "2014.10.10"]

1. e4 e5 2. Nf3 Nc6 3. d4 exd4 4. Nxd4 Bc5 5. Be3 d5 6. Nxc6 bxc6 7. Bxc5 Ne7
8. Nc3 O-O 9. Be2 Re8 10. O-O Ng6 11. Bf3 Rb8 12. Rb1 a6 13. exd5 Qg5 14. Be3
Qh4 15. Qd4 Qe7 16. Qc5 Ne5 17. Qxe7 Nxf3+ 18. gxf3 Rxe7 19. dxc6 Re6 20. Rfd1
Rg6+ 21. Kh1 Bf5 22. Rd2 Rxc6 23. Rbd1 Rd6 24. Rxd6 cxd6 25. Rxd6 Bxc2 26. Bb6
Bd3 1-0

[Event "BPB Limburg open C"]
[Site "Maastricht"]
[Date "2014.06.09"]
[Round "6"]
[White "Dewilde, Rudi"]
[Black "Petry, Richard"]
[Result "1/2-1/2"]
[WhiteElo "1190"]
[BlackElo "1151"]
[PlyCount "42"]
[EventDate "2014.06.06"]
[EventType "swiss"]
[EventRounds "7"]
[EventCountry "NED"]
[Source "P.Boonen"]
[SourceDate "2014.10.10"]

1. e4 e5 2. Nf3 d6 3. h3 Nc6 4. Bc4 h6 5. O-O Nf6 6. d4 exd4 7. Nxd4 Ne5 8. Bb3
Nxe4 9. Nc3 Nxc3 10. bxc3 Qf6 11. f4 Nc6 12. Be3 Bd7 13. Qd3 Be7 14. Nb5 Bd8
15. Bd4 Nxd4 16. cxd4 O-O 17. f5 a6 18. Nc3 b5 19. Ne4 Qh4 20. Kh2 Bf6 21. g3
Qh5 1/2-1/2

[Event "BPB Limburg open C"]
[Site "Maastricht"]
[Date "2014.06.09"]
[Round "6"]
[White "Dubbeldam, Lydia"]
[Black "Van Rossum, Pia"]
[Result "1/2-1/2"]
[WhiteElo "1641"]
[BlackElo "1657"]
[PlyCount "67"]
[EventDate "2014.06.06"]
[EventType "swiss"]
[EventRounds "7"]
[EventCountry "NED"]
[Source "P.Boonen"]
[SourceDate "2014.10.10"]

1. e4 d6 2. d4 g6 3. Bc4 Nf6 4. f3 Bg7 5. Nc3 O-O 6. Be3 Nc6 7. Qd2 Re8 8. Nge2
a6 9. O-O-O b5 10. Bb3 Na5 11. Bh6 Nxb3+ 12. cxb3 Bh8 13. g4 Bb7 14. h4 Nd7 15.
h5 c5 16. hxg6 fxg6 17. dxc5 Nxc5 18. Ng3 Qa5 19. Kb1 Rac8 20. Nge2 b4 21. Nd5
e6 22. Nxb4 Nxe4 23. Qe1 Nf2 24. Qxf2 Qxb4 25. Rh3 a5 26. Qh2 Be5 27. f4 Be4+
28. Ka1 Bd4 29. Nxd4 Qxd4 30. Qg1 Qxg1 31. Rxg1 Rc2 32. Rc3 Rc8 33. Rxc8+ Rxc8
34. Bg5 1/2-1/2

[Event "BPB Limburg open C"]
[Site "Maastricht"]
[Date "2014.06.09"]
[Round "6"]
[White "Dubbeldam, Mathijs"]
[Black "Van Stiphout, Sophie"]
[Result "1/2-1/2"]
[WhiteElo "1350"]
[BlackElo "1086"]
[PlyCount "103"]
[EventDate "2014.06.06"]
[EventType "swiss"]
[EventRounds "7"]
[EventCountry "NED"]
[Source "P.Boonen"]
[SourceDate "2014.10.10"]

1. e4 e5 2. Nf3 Nc6 3. d4 exd4 4. Nxd4 Nxd4 5. Qxd4 f6 6. Bc4 c6 7. Bf4 b5 8.
Bb3 Bb7 9. c4 c5 10. Qd3 b4 11. O-O Ne7 12. Nd2 Ng6 13. Bg3 Be7 14. f4 Qc7 15.
Nf3 Nxf4 16. Qe3 Bd6 17. Nh4 g5 18. Nf5 O-O-O 19. Nxd6+ Qxd6 20. Rad1 Qe5 21.
Bxf4 gxf4 22. Rxf4 d6 23. a3 a5 24. axb4 axb4 25. Rd2 Rhf8 26. Rdf2 Rf7 27. Bd1
h5 28. Qh3+ Kc7 29. Qxh5 Qxh5 30. Bxh5 Re7 31. Rxf6 Rxe4 32. Rf7+ Kb6 33. Rxb7+
Kxb7 34. Bf3 d5 35. Bxe4 dxe4 36. Re2 Rd4 37. b3 Kc6 38. Kf2 Kd6 39. h4 Ke5 40.
Re3 Kf4 41. h5 Rd2+ 42. Re2 e3+ 43. Ke1 Rd6 44. g4 Re6 45. Kf1 Kxg4 46. h6 Kf3
47. Rh2 Ra6 48. Rh3+ Ke4 49. h7 Ra1+ 50. Kg2 Ra2+ 51. Kf1 Ra1+ 52. Kg2 1/2-1/2

[Event "BPB Limburg open C"]
[Site "Maastricht"]
[Date "2014.06.09"]
[Round "6"]
[White "Fortenbacher, Dominic"]
[Black "Boudry, William"]
[Result "0-1"]
[WhiteElo "1337"]
[BlackElo "1610"]
[PlyCount "42"]
[EventDate "2014.06.06"]
[EventType "swiss"]
[EventRounds "7"]
[EventCountry "NED"]
[Source "P.Boonen"]
[SourceDate "2014.10.10"]

1. e4 c6 2. d4 d5 3. e5 c5 4. Nf3 Nc6 5. Be3 cxd4 6. Bxd4 Bg4 7. Be2 e6 8. O-O
Nge7 9. Re1 Nf5 10. Bc3 Bc5 11. Qd2 Bxf2+ 12. Kxf2 Qb6+ 13. Kf1 Ne3+ 14. Kf2
Nd1+ 15. Kg3 Qf2+ 16. Kxg4 Ne3+ 17. Qxe3 h5+ 18. Kh3 Qxe3 19. Bd3 Qf4 20. g3
Qxf3 21. Bd2 h4 0-1

[Event "BPB Limburg open C"]
[Site "Maastricht"]
[Date "2014.06.09"]
[Round "6"]
[White "Hauffe, Frank"]
[Black "Van Ginneken, Jos"]
[Result "0-1"]
[WhiteElo "1731"]
[BlackElo "1621"]
[PlyCount "76"]
[EventDate "2014.06.06"]
[EventType "swiss"]
[EventRounds "7"]
[EventCountry "NED"]
[Source "P.Boonen"]
[SourceDate "2014.10.10"]

1. b3 d6 2. Bb2 e5 3. e3 Nc6 4. Bb5 Bd7 5. d4 exd4 6. exd4 d5 7. Nf3 Nf6 8. O-O
Be7 9. Re1 O-O 10. Bxc6 bxc6 11. Ne5 Bd6 12. Nd2 Bxe5 13. dxe5 Ng4 14. h3 Nh6
15. Qh5 Bf5 16. Re3 Bg6 17. Qe2 d4 18. Rg3 Nf5 19. Rf3 Re8 20. Re1 Re6 21. Nc4
Qg5 22. Bc1 Qe7 23. g4 Nd6 24. Bf4 f5 25. g5 Bh5 26. Na5 Bxf3 27. Qxf3 Ne4 28.
h4 g6 29. Nc4 Qc5 30. Rd1 Nc3 31. Rd2 Nxa2 32. Qd3 Rd8 33. Be3 Nb4 34. Qe2 Nxc2
35. Rxc2 dxe3 36. Nxe3 Qxe5 37. Qc4 Qe4 38. Qc3 Qxh4 0-1

[Event "BPB Limburg open C"]
[Site "Maastricht"]
[Date "2014.06.09"]
[Round "6"]
[White "Heinen, Dai"]
[Black "Kumpen, Jona"]
[Result "0-1"]
[WhiteElo "1603"]
[BlackElo "1532"]
[PlyCount "64"]
[EventDate "2014.06.06"]
[EventType "swiss"]
[EventRounds "7"]
[EventCountry "NED"]
[Source "P.Boonen"]
[SourceDate "2014.10.10"]

1. e4 e6 2. Nf3 d5 3. exd5 exd5 4. d4 Bd6 5. Bd3 Ne7 6. Be3 O-O 7. O-O Bf5 8.
Bg5 f6 9. Be3 Nd7 10. Nc3 c6 11. Ne2 Qc7 12. Ng3 Bxd3 13. Qxd3 Nb6 14. b3 c5
15. dxc5 Bxc5 16. Nd4 Bxd4 17. Bxd4 Rfd8 18. c3 Nc6 19. Ne2 Nd7 20. Ng3 Nde5
21. Qd2 Rac8 22. Rac1 Qa5 23. Ne2 Kh8 24. Rfd1 Qb5 25. f3 Re8 26. Nf4 Nf7 27.
Re1 Nce5 28. Bxe5 Rxe5 29. Rxe5 Nxe5 30. Qxd5 Qb6+ 31. Qd4 Qxd4+ 32. cxd4 Rxc1+
0-1

[Event "BPB Limburg open C"]
[Site "Maastricht"]
[Date "2014.06.09"]
[Round "6"]
[White "Janssen, Fynn"]
[Black "Godde, Matthias"]
[Result "1-0"]
[WhiteElo "1335"]
[BlackElo "1277"]
[PlyCount "45"]
[EventDate "2014.06.06"]
[EventType "swiss"]
[EventRounds "7"]
[EventCountry "NED"]
[Source "P.Boonen"]
[SourceDate "2014.10.10"]

1. e4 c5 2. Nc3 e6 3. g3 a6 4. Bg2 Qc7 5. f4 d6 6. d3 Nc6 7. Nf3 Nf6 8. h3 b5
9. O-O Be7 10. Be3 O-O 11. g4 Bb7 12. Nh2 e5 13. f5 Nd4 14. Ne2 Rac8 15. c3
Nxe2+ 16. Qxe2 c4 17. g5 cxd3 18. Qxd3 Nd7 19. Ng4 f6 20. g6 Qc4 21. Qd2 Nc5
22. Qf2 Nxe4 23. Qh4 1-0

[Event "BPB Limburg open C"]
[Site "Maastricht"]
[Date "2014.06.09"]
[Round "6"]
[White "Jedamczik, Kai"]
[Black "Keetman, Sandra"]
[Result "0-1"]
[WhiteElo "1492"]
[BlackElo "1641"]
[PlyCount "50"]
[EventDate "2014.06.06"]
[EventType "swiss"]
[EventRounds "7"]
[EventCountry "NED"]
[Source "P.Boonen"]
[SourceDate "2014.10.10"]

1. d4 Nf6 2. Nc3 g6 3. e4 d6 4. f4 Bg7 5. e5 dxe5 6. fxe5 Nd5 7. Qf3 Nxc3 8.
Qxc3 O-O 9. Bf4 e6 10. O-O-O Nc6 11. h4 h6 12. Qe3 Kh7 13. Nf3 Nb4 14. Bc4 Nd5
15. Bxd5 Qxd5 16. Ng5+ Kg8 17. Nxf7 Rxf7 18. Bxh6 Qxa2 19. Bxg7 Kxg7 20. g4
Qa1+ 21. Kd2 Qxb2 22. Rb1 Qa2 23. h5 Qd5 24. Rhf1 Qg2+ 25. Kc1 Rxf1+ 0-1

[Event "BPB Limburg open C"]
[Site "Maastricht"]
[Date "2014.06.09"]
[Round "6"]
[White "Katranov, Mikhail"]
[Black "Baeten, Wim"]
[Result "0-1"]
[WhiteElo "1248"]
[BlackElo "1000"]
[PlyCount "64"]
[EventDate "2014.06.06"]
[EventType "swiss"]
[EventRounds "7"]
[EventCountry "NED"]
[Source "P.Boonen"]
[SourceDate "2014.10.10"]

1. e4 d6 2. d4 g6 3. Nf3 Bg7 4. Be3 Nf6 5. Nc3 O-O 6. Qd2 c6 7. O-O-O b5 8. Bd3
b4 9. Nb1 a5 10. Bh6 Bg4 11. Bxg7 Kxg7 12. Qg5 Bxf3 13. gxf3 h6 14. Qg2 e5 15.
Rhg1 Nh5 16. d5 Nf4 17. Qg4 c5 18. h4 h5 19. Qg3 Qc7 20. Bc4 Nd7 21. Nd2 a4 22.
Kb1 Nb6 23. Bf1 Rfb8 24. b3 axb3 25. cxb3 Qa7 26. Bb5 Qxa2+ 27. Kc1 Qa1+ 28.
Nb1 Ra2 29. Rd2 Rxd2 30. Kxd2 Ra8 31. Kc2 Ra2+ 32. Kc1 Qb2+ 0-1

[Event "BPB Limburg open C"]
[Site "Maastricht"]
[Date "2014.06.09"]
[Round "6"]
[White "Katranova, Alicia"]
[Black "Dardha, Daniel"]
[Result "0-1"]
[WhiteElo "1289"]
[BlackElo "1617"]
[PlyCount "80"]
[EventDate "2014.06.06"]
[EventType "swiss"]
[EventRounds "7"]
[EventCountry "NED"]
[Source "P.Boonen"]
[SourceDate "2014.10.10"]

1. e4 c5 2. Nf3 Nc6 3. d4 cxd4 4. Nxd4 Nf6 5. Nc3 e5 6. Nf3 Bb4 7. Qd3 d5 8.
Nd2 Be6 9. exd5 Nxd5 10. Nxd5 Qxd5 11. c3 Be7 12. Qf3 O-O-O 13. Be2 Bg5 14.
Qxd5 Bxd5 15. Nf3 Bxc1 16. Rxc1 Bxa2 17. Bb5 Bd5 18. Be2 f6 19. O-O Bb3 20. Ra1
e4 21. Nh4 Rd2 22. Bg4+ Kc7 23. Rfe1 g5 24. Nf5 h5 25. Bd1 Rxb2 26. Rxe4 Rd8
27. Bxh5 Rdd2 28. Nd4 Bd5 29. Re2 Nxd4 30. Rxd2 Rxd2 31. cxd4 Kb8 32. Rd1 Rxd1+
33. Bxd1 b5 34. f3 a5 35. Kf2 a4 36. Bc2 a3 37. Bb1 b4 38. Ke2 b3 39. Kd2 a2
40. Kc1 a1=Q 0-1

[Event "BPB Limburg open C"]
[Site "Maastricht"]
[Date "2014.06.09"]
[Round "6"]
[White "Koolen, Tom"]
[Black "Disters, Ingrid"]
[Result "0-1"]
[WhiteElo "1000"]
[BlackElo "1223"]
[PlyCount "70"]
[EventDate "2014.06.06"]
[EventType "swiss"]
[EventRounds "7"]
[EventCountry "NED"]
[Source "P.Boonen"]
[SourceDate "2014.10.10"]

1. e4 c6 2. d4 d5 3. Nc3 dxe4 4. Nxe4 Bf5 5. Bd3 Bxe4 6. Bxe4 e6 7. Nf3 Nf6 8.
Qe2 Nbd7 9. Bf4 Nxe4 10. Qxe4 Nf6 11. Qd3 Be7 12. O-O-O O-O 13. Ng5 h6 14. h4
Qd5 15. Be5 g6 16. c4 Qa5 17. Bxf6 Bxf6 18. a3 Bxg5+ 19. hxg5 Qxg5+ 20. Kb1 h5
21. g3 Qf6 22. Rh2 Rad8 23. Qe3 Kg7 24. d5 cxd5 25. c5 d4 26. Qe2 Qf5+ 27. Ka1
Qxc5 28. Rdh1 Rh8 29. b4 Qc3+ 30. Ka2 d3 31. Qe4 Qc2+ 32. Ka1 Qc3+ 33. Ka2 d2
34. Qe2 Rd3 35. Qd1 Qxa3+ 0-1

[Event "BPB Limburg open C"]
[Site "Maastricht"]
[Date "2014.06.09"]
[Round "6"]
[White "Koppens, Gertie"]
[Black "Steenman, Tomas"]
[Result "0-1"]
[WhiteElo "1265"]
[BlackElo "1334"]
[PlyCount "84"]
[EventDate "2014.06.06"]
[EventType "swiss"]
[EventRounds "7"]
[EventCountry "NED"]
[Source "P.Boonen"]
[SourceDate "2014.10.10"]

1. e4 e5 2. Nf3 Nc6 3. Bc4 Nf6 4. Ng5 d5 5. exd5 Na5 6. Bb5+ c6 7. dxc6 bxc6 8.
Be2 Bc5 9. O-O O-O 10. Nc3 Nd5 11. Nge4 Nxc3 12. Nxc3 f5 13. d3 Qf6 14. Bd2 Nb7
15. Be3 Bd4 16. Bxd4 exd4 17. Nb1 Qg5 18. Bf3 Nd8 19. Nd2 Rb8 20. Nb3 Rxb3 21.
axb3 f4 22. Qe2 Bh3 23. Rxa7 Bxg2 24. Bxg2 f3 25. Qxf3 Rxf3 26. Kh1 Rf8 27. Be4
Qf6 28. Rg1 g6 29. f3 Kh8 30. Rg3 Nf7 31. Ra6 Rc8 32. b4 Qe7 33. c3 c5 34. b5
Nd6 35. c4 Nxe4 36. fxe4 Qf7 37. Kg2 Rf8 38. Kh3 Qf1+ 39. Kh4 Qf4+ 40. Kh3 g5
41. Rg4 Qf1+ 42. Rg2 Rf3+ 0-1

[Event "BPB Limburg open C"]
[Site "Maastricht"]
[Date "2014.06.09"]
[Round "6"]
[White "Kumpen, Kurt"]
[Black "Barbaric, Marko"]
[Result "1-0"]
[WhiteElo "1392"]
[BlackElo "1410"]
[PlyCount "153"]
[EventDate "2014.06.06"]
[EventType "swiss"]
[EventRounds "7"]
[EventCountry "NED"]
[Source "P.Boonen"]
[SourceDate "2014.10.10"]

1. d4 d5 2. Nf3 Bf5 3. e3 Nf6 4. c4 e6 5. Nc3 Be7 6. a3 O-O 7. Be2 h6 8. b4 a6
9. Qb3 c6 10. Ne5 Nbd7 11. Nd3 Ne4 12. Nxe4 Bxe4 13. O-O Bd6 14. c5 Qh4 15.
cxd6 Nf6 16. Ne5 Rad8 17. f3 Bh7 18. Rf2 Rxd6 19. Bd2 Ne8 20. b5 axb5 21. Bb4
f6 22. Bxd6 Nxd6 23. Nd7 Re8 24. Bd3 Re7 25. Bxh7+ Kxh7 26. Nc5 Nf5 27. Qd3 Kg8
28. Re2 Nd6 29. Qg6 Nc4 30. Qg4 Qxg4 31. fxg4 Kf7 32. h4 e5 33. Kf2 g6 34. a4
bxa4 35. Rxa4 Nd6 36. Ra8 Rc7 37. Rb2 f5 38. dxe5 Nb5 39. g5 hxg5 40. hxg5 Re7
41. e6+ Kg7 42. Rd8 b6 43. Rd7 Kf8 44. Rxe7 Kxe7 45. Na4 Kxe6 46. Nxb6 Nc3 47.
Kf3 Ne4 48. Kf4 Nc5 49. Rd2 Nb3 50. Rd1 c5 51. Nxd5 c4 52. Nc3 Nc5 53. Rd4 Nd3+
54. Kf3 Nb2 55. Rd8 Nd3 56. Rf8 Ne5+ 57. Ke2 Ke7 58. Rf6 Kd7 59. Nd5 Ke8 60.
Re6+ Kf7 61. Rxe5 Kg7 62. Re7+ Kf8 63. Ra7 Ke8 64. Nf4 Kf8 65. Nxg6+ Kg8 66.
Rc7 c3 67. Ne5 c2 68. Kd2 c1=Q+ 69. Kxc1 Kf8 70. Kc2 Ke8 71. Kc3 Kf8 72. Kd4
Kg8 73. Kd5 Kh8 74. Ke6 Kg8 75. Kf6 Kh8 76. Kg6 f4 77. Rc8# 1-0

[Event "BPB Limburg open C"]
[Site "Maastricht"]
[Date "2014.06.09"]
[Round "6"]
[White "Laureys, Jo"]
[Black "Olmoz Sanz, Francisco"]
[Result "0-1"]
[WhiteElo "1264"]
[BlackElo "1655"]
[PlyCount "94"]
[EventDate "2014.06.06"]
[EventType "swiss"]
[EventRounds "7"]
[EventCountry "NED"]
[Source "P.Boonen"]
[SourceDate "2014.10.10"]

1. d4 Nf6 2. Nf3 d6 3. e3 e6 4. Bd3 Nc6 5. a3 Be7 6. O-O O-O 7. b3 b6 8. Bb2
Bb7 9. Nbd2 Re8 10. Re1 Ng4 11. Ne4 f5 12. Ng3 Nf6 13. Rc1 Rc8 14. Bc4 d5 15.
Bd3 Bd6 16. c4 Qe7 17. Ra1 Nd8 18. Be2 c5 19. Ng5 Nf7 20. Nf3 g5 21. h3 Bxg3
22. fxg3 Ne4 23. Kh2 Qc7 24. Ne5 Nxe5 25. dxe5 Qg7 26. Rf1 Rcd8 27. Qe1 Qg6 28.
g4 Rf8 29. h4 Qh6 30. h5 Qg7 31. Bf3 d4 32. Bxe4 Qxe5+ 33. Qg3 Qxg3+ 34. Kxg3
Bxe4 35. exd4 cxd4 36. Rad1 f4+ 37. Kh3 e5 38. Rde1 Bd3 39. Rf3 e4 40. Rf2 e3
41. Rf3 Bc2 42. b4 d3 43. Bc3 d2 44. Bxd2 exd2 45. Ref1 d1=Q 46. Kh2 Qd6 47.
Kg1 Qe6 0-1

[Event "BPB Limburg open C"]
[Site "Maastricht"]
[Date "2014.06.09"]
[Round "6"]
[White "Lennartz, Ludwig"]
[Black "Katoen, Tom"]
[Result "1-0"]
[WhiteElo "1511"]
[BlackElo "1398"]
[PlyCount "93"]
[EventDate "2014.06.06"]
[EventType "swiss"]
[EventRounds "7"]
[EventCountry "NED"]
[Source "P.Boonen"]
[SourceDate "2014.10.10"]

1. e4 c5 2. Nf3 Nc6 3. d4 cxd4 4. Nxd4 g6 5. Be3 Bg7 6. Nc3 d6 7. Bc4 Nf6 8. f3
O-O 9. Qd2 Re8 10. O-O-O Bd7 11. h4 Ne5 12. Bb3 a5 13. a3 a4 14. Ba2 Qa5 15. g4
b5 16. h5 b4 17. Nb1 b3 18. cxb3 Qxd2+ 19. Nxd2 Rec8+ 20. Kb1 axb3 21. Bxb3 Nd3
22. Nc4 Nc5 23. Nb6 e5 24. Nxa8 Rxa8 25. Bxf7+ Kxf7 26. hxg6+ hxg6 27. Ne2 Ke6
28. Bxc5 dxc5 29. Nc3 Bc6 30. Rh2 Ra7 31. Rhd2 Bf8 32. Kc2 g5 33. Rd8 Be7 34.
Rb8 Nd7 35. Rh8 Nb6 36. Rh6+ Bf6 37. Nd5 Nd7 38. Nxf6 Nxf6 39. Rxf6+ Kxf6 40.
Rd6+ Ke7 41. Rxc6 Ra5 42. Kc3 Kf7 43. Kc4 Ra8 44. Kxc5 Rh8 45. Kd5 Rd8+ 46.
Kxe5 Rd3 47. Rc3 1-0

[Event "BPB Limburg open C"]
[Site "Maastricht"]
[Date "2014.06.09"]
[Round "6"]
[White "Lennartz, Tim"]
[Black "Schloesser, Matthias"]
[Result "0-1"]
[WhiteElo "1087"]
[BlackElo "1583"]
[PlyCount "42"]
[EventDate "2014.06.06"]
[EventType "swiss"]
[EventRounds "7"]
[EventCountry "NED"]
[Source "P.Boonen"]
[SourceDate "2014.10.10"]

1. e4 e5 2. d4 exd4 3. c3 dxc3 4. Bc4 d6 5. Nxc3 Nc6 6. Nf3 Be7 7. O-O Nf6 8.
Ng5 O-O 9. Qb3 Ne5 10. Bf4 Nfd7 11. Nf3 Nc5 12. Qb4 Ned3 13. Bxd3 Nxd3 14. Qc4
Nxf4 15. Rad1 Be6 16. Qb4 a5 17. Qxb7 Qb8 18. Qxb8 Rfxb8 19. b3 Bf6 20. Rc1
Bxc3 21. Rxc3 Ne2+ 0-1

[Event "BPB Limburg open C"]
[Site "Maastricht"]
[Date "2014.06.09"]
[Round "6"]
[White "Merz, Jean Philippe"]
[Black "Mertens, Yannick"]
[Result "0-1"]
[WhiteElo "1690"]
[BlackElo "1711"]
[PlyCount "54"]
[EventDate "2014.06.06"]
[EventType "swiss"]
[EventRounds "7"]
[EventCountry "NED"]
[Source "P.Boonen"]
[SourceDate "2014.10.10"]

1. e4 d6 2. Nc3 Nf6 3. Bc4 g6 4. f4 Bg7 5. Nf3 O-O 6. d3 c6 7. a4 Bg4 8. h3
Bxf3 9. Qxf3 Nbd7 10. O-O e5 11. f5 Nb6 12. fxg6 hxg6 13. Bg5 Nbd7 14. Qg3 Qb6+
15. Kh1 Qxb2 16. Bxf6 Nxf6 17. Qxg6 Qxc3 18. Rxf6 Qxa1+ 19. Kh2 d5 20. Qg5 dxc4
21. h4 Qa3 22. Rh6 f6 23. Qg6 Rf7 24. h5 Qc1 25. Rh7 Qg5 26. Rh8+ Kxh8 27. Qxf7
Rf8 0-1

[Event "BPB Limburg open C"]
[Site "Maastricht"]
[Date "2014.06.09"]
[Round "6"]
[White "Mestrom, Sterre"]
[Black "Vercruyssen, Tim"]
[Result "1/2-1/2"]
[WhiteElo "1201"]
[BlackElo "1118"]
[PlyCount "75"]
[EventDate "2014.06.06"]
[EventType "swiss"]
[EventRounds "7"]
[EventCountry "NED"]
[Source "P.Boonen"]
[SourceDate "2014.10.10"]

1. d4 Nf6 2. c4 e6 3. Nc3 Bb4 4. Bd2 c5 5. e3 cxd4 6. exd4 d6 7. Nf3 Nbd7 8. a3
Bxc3 9. Bxc3 b6 10. Bd3 O-O 11. O-O Bb7 12. Re1 Re8 13. b4 e5 14. dxe5 dxe5 15.
Nxe5 Nxe5 16. Bxe5 Nd7 17. Qh5 g6 18. Qh3 Nxe5 19. Red1 Nxd3 20. Rxd3 Qf6 21.
Rad1 Re2 22. Qg3 Rae8 23. h3 Re1+ 24. Rxe1 Rxe1+ 25. Kh2 Kg7 26. Rd7 Bc8 27.
Rxa7 h5 28. h4 Re7 29. Rxe7 Qxe7 30. Qc3+ Kh7 31. g3 Qe6 32. Kg1 Qh3 33. Qf3
Bg4 34. Qxf7+ Kh8 35. Qf8+ Kh7 36. Qf7+ Kh8 37. Qf8+ Kh7 38. Qf7+ 1/2-1/2

[Event "BPB Limburg open C"]
[Site "Maastricht"]
[Date "2014.06.09"]
[Round "6"]
[White "Mitran, Marie"]
[Black "Havenith, Michael"]
[Result "0-1"]
[WhiteElo "1466"]
[BlackElo "1615"]
[PlyCount "70"]
[EventDate "2014.06.06"]
[EventType "swiss"]
[EventRounds "7"]
[EventCountry "NED"]
[Source "P.Boonen"]
[SourceDate "2014.10.10"]

1. e4 c6 2. Nc3 d5 3. exd5 cxd5 4. d4 Nf6 5. Nf3 Nc6 6. h3 Bf5 7. a3 e6 8. Bg5
Be7 9. Be2 h6 10. Bh4 O-O 11. O-O Rc8 12. Bd3 Bxd3 13. Qxd3 a6 14. Rfe1 b5 15.
b4 Qc7 16. Re3 Nd7 17. Bg3 Bd6 18. Bxd6 Qxd6 19. Ne2 Nb6 20. Ng3 Nc4 21. Ree1
Ne7 22. Nd2 Qf4 23. Nxc4 Rxc4 24. c3 Rfc8 25. Rac1 R8c6 26. Qe3 Qxe3 27. Rxe3
Rxd4 28. cxd4 Rxc1+ 29. Kh2 Nc6 30. Rd3 Rc4 31. Ne2 Rc2 32. Re3 Kf8 33. Kg3 Ke7
34. f4 Kd7 35. Kf3 Rd2 0-1